| 000 | 00969nam a2200289 a 4500 | ||
|---|---|---|---|
| 001 | 57823 | ||
| 003 | BD-RjUL | ||
| 005 | 20211209080545.0 | ||
| 008 | 161212s1974 mnu b 001 0 eng | ||
| 020 | _a0816607125 | ||
| 035 | _a(BD-RjUL)57947 | ||
| 040 |
_aDLC _cDLC _dDLC _beng |
||
| 041 | _aeng | ||
| 082 | 0 | 0 |
_a810.90052 _223 _bMAK 1974 |
| 100 | 1 |
_d1911- _9171722 |
|
| 245 | 1 | 0 |
_aMakers of American thought : _ban introduction to seven American writers / _cedited by Ralph Ross. |
| 260 |
_aMinneapolis : _bUniversity of Minnesota Press, _c1974 |
||
| 300 |
_a301 p. ; _c23 cm. |
||
| 490 | 0 | _aThe Minnesota library on American writers | |
| 500 | _aIncludes index. | ||
| 504 | _aBibliography: p. 265-278. | ||
| 650 | 0 |
_aAmerican literature _y19th century _xHistory and criticism. _9171723 |
|
| 650 | 0 |
_aAmerican literature _y20th century _xHistory and criticism. _9171724 |
|
| 700 |
_aRoss, Ralph Gilbert, _9171725 |
||
| 942 |
_2ddc _cBK |
||
| 999 |
_c57823 _d57823 |
||